000 00761nam a2200265Ia 4500
003 OSt
005 20220927103127.0
006 a|||||r|||| 00| 0
007 ta
008 220926b |||||||| |||| 00| 0 eng d
024 _a33258
037 _cReference Collections
040 _aRTL
_cRTL
_beng
041 _2eng
_aeng
082 _a"X:75, L1/UN"
110 _aUnited Nations Economic Commission for Europe
245 0 _aLong term planning
260 _aNew
_bYork United Nations U. S. A.
_c1971
300 _a"viii, 206p."
_ccm.
500 _aSales No. E.71.11.E.3
650 _aPlanned Economy
700 _aUnited Nations Economic Commission for Europe
942 _h"X:75, L1/UN"
_cCC
999 _c680639
_d680639